000 00231nam a2200097Ia 4500
008 240331s9999 xx 000 0 und d
082 _bILA
100 _aPerera,S
245 0 _aIlangaich samugathayum panpatayum wasitthal
942 _cL
999 _c5631
_d5631